000 00758nam a2200217Ia 4500
001 15464
003 GE_BSU
008 181216s||||||||xx |||||||||||||| ||und||
040 _cGE_BSU
080 _a821.353.1-32+821.353.1-31
100 _aჩხეიძე,ოთარ
245 _aრჩეული თხზულებანი სამ ტომად. ტ.3
245 _bრომანები. მოთხრობები.
245 _cრედ.ლ.ჯალაღანია. მხატვ. დ.გრიგოლია
260 _aთბილისი
260 _bმერანი
260 _c1987
300 _a576გვ.2სმ.
653 _aრომანები. მოთხრობები.
942 _cBK
999 _c48566
_d48566